Từ điển Anh Việt
Spremljeno u:
| Autori kompanije: | , |
|---|---|
| Format: | Knjiga |
| Izdano: |
H.
Khoa học xã hội
1990
|
| Teme: | |
| Oznake: |
Dodaj oznaku
Bez oznaka, Budi prvi tko označuje ovaj zapis!
|
| Thư viện lưu trữ: | Trung tâm Học liệu Lê Vũ Hùng, Trường Đại học Đồng Tháp |
|---|
| LEADER | 00777pam a22002298a 4500 | ||
|---|---|---|---|
| 001 | 00021352 | ||
| 005 | 20171026081023.0 | ||
| 008 | 110524s1990 ||||||Engsd | ||
| 041 | 0 | # | |a Eng-Vie |
| 082 | 1 | 4 | |a 423 |b T550Đ |
| 110 | 1 | # | |b Ủy ban KHXH Việt Nam |a Viện ngôn ngữ học |
| 245 | 0 | 0 | |a Từ điển Anh Việt |c Viện ngôn ngữ học |
| 260 | # | # | |a H. |b Khoa học xã hội |c 1990 |
| 500 | # | # | |a Khoảng 65000 từ |
| 650 | # | 4 | |a Tiếng Anh |
| 650 | # | 4 | |a Tử điển |
| 650 | # | 4 | |a Tiếng Việt |
| 710 | |a Ủy ban Khoa học xã hội Việt Nam | ||
| 852 | # | # | |j KD.0006839 |
| 852 | # | # | |b Kho đọc |j KD.0006839 |
| 910 | |d 24/05/2011 | ||
| 980 | # | # | |a Trung tâm Học liệu Lê Vũ Hùng, Trường Đại học Đồng Tháp |